000 00323nam a22001337a 4500
020 _a978-81-321-1367-6
041 _aENG
100 _aRajiv Sikri
245 _aChallenge And Strategy rethinking India s Foreign Policy
260 _aNew Delhi
_bSage
_c2009
300 _a347
650 _aUPSC
856 _uCompetitive Exam
999 _c152
_d152